[Event "VIE-ch U13"]
[Site "Ho Chi Minh City"]
[Date "2022.07.15"]
[Round "7"]
[White "Pham, Viet Thien Phuoc"]
[Black "Hoang, Le Minh Bao"]
[Result "1-0"]
[WhiteElo "2327"]
[BlackElo "2330"]
[PlyCount "113"]
[EventDate "2022.07.11"]
[EventType "swiss"]
[EventRounds "9"]
[EventCountry "VIE"]
[SourceTitle "EXT 2023"]
[Source "ChessBase"]
[SourceDate "2022.10.05"]
[SourceVersion "1"]
[SourceVersionDate "2022.10.05"]
[SourceQuality "1"]

1. e4 c5 2. Nf3 Nc6 3. d4 cxd4 4. Nxd4 Nf6 5. Nc3 e5 6. Ndb5 d6 7. Bg5 a6 8. Bxf6 gxf6 9. Na3 b5 10. Nd5 f5 11. Bd3 Be6 12. c3 Bg7 13. Nc2 0-0 14. 0-0 fxe4 15. Bxe4 f5 16. Nf4 Bd7 17. Bd5+ Kh8 18. Qf3 Qe8 19. Ne6 e4 20. Nxg7 exf3 21. Nxe8 fxg2 22. Rfe1 Raxe8 23. Rxe8 Rxe8 24. Re1 Ne5 25. Kxg2 f4 26. Nd4 Re7 27. Nf3 Be6 28. Bxe6 Rg7+ 29. Kh1 Nxf3 30. Rd1 Ng5 31. Rxd6 Re7 32. Bg4 f3 33. h4 Nf7 34. Re6 Rxe6 35. Bxe6 Ne5 36. b4 Nd3 37. Kg1 Nf4 38. Bb3 Ne2+ 39. Kh2 Nxc3 40. Kg3 Ne4+ 41. Kxf3 Nd6 42. Kf4 Kg7 43. Ke5 Nc8 44. f4 Nb6 45. Ke6 Kf8 46. Bc2 h6 47. Bb3 Nc4 48. Kf6 Nb2 49. Kg6 Nd3 50. f5 Nxb4 51. Kxh6 Nc6 52. Kg6 Ne7+ 53. Kf6 a5 54. h5 a4 55. Be6 b4 56. h6 Ng8+ 57. Kg5 1-0

[Event "VIE-ch U13"]
[Site "Ho Chi Minh City"]
[Date "2022.07.14"]
[Round "5"]
[White "Hoang, Le Minh Bao"]
[Black "Giap, Xuan Cuong"]
[Result "1-0"]
[WhiteElo "2330"]
[BlackElo "2313"]
[PlyCount "53"]
[EventDate "2022.07.11"]
[EventType "swiss"]
[EventRounds "9"]
[EventCountry "VIE"]
[SourceTitle "EXT 2023"]
[Source "ChessBase"]
[SourceDate "2022.10.05"]
[SourceVersion "1"]
[SourceVersionDate "2022.10.05"]
[SourceQuality "1"]

1. e4 c6 2. d4 d5 3. Nc3 dxe4 4. Nxe4 Bf5 5. Ng3 Bg6 6. h4 h6 7. h5 Bh7 8. Nf3 e6 9. Bd3 Bxd3 10. Qxd3 Nf6 11. Bd2 Bd6 12. Ne4 Nxe4 13. Qxe4 Nd7 14. 0-0-0 Nf6 15. Qe2 Qc7 16. g3 0-0-0 17. Kb1 Kb8 18. c4 c5 19. Bc3 cxd4 20. Nxd4 a6 21. Nb3 Qe7 22. Bd4 Ka8 23. c5 Bb8 24. c6 Ba7 25. Na5 Qc7 26. cxb7+ Kb8 27. Be5 1-0

[Event "VIE-ch U13"]
[Site "Hanoi"]
[Date "2022.06.13"]
[Round "4"]
[White "Hoang, Le Minh Bao"]
[Black "Nguyen, Thai Son"]
[Result "1/2-1/2"]
[WhiteElo "2375"]
[BlackElo "2336"]
[PlyCount "52"]
[EventDate "2022.06.11"]
[EventType "swiss"]
[EventRounds "9"]
[EventCountry "VIE"]
[SourceTitle "EXT 2023"]
[Source "ChessBase"]
[SourceDate "2022.10.05"]
[SourceVersion "1"]
[SourceVersionDate "2022.10.05"]
[SourceQuality "1"]

1. e4 e5 2. Nf3 Nf6 3. Nc3 Nc6 4. Bb5 Bb4 5. 0-0 0-0 6. d3 d6 7. Bg5 Bxc3 8. bxc3 Qe7 9. Re1 Nd8 10. d4 Ne6 11. Bc1 c6 12. Bd3 Qc7 13. Ng5 exd4 14. Nxe6 fxe6 15. cxd4 e5 16. c3 Be6 17. Qe2 Rae8 18. Ba3 c5 19. dxc5 dxc5 20. Bc4 b6 21. Bxe6+ Rxe6 22. Rad1 Kh8 23. c4 Qf7 24. f3 Nh5 25. Bc1 h6 26. Rd5 Nf6 1/2-1/2

[Event "VIE-ch U13"]
[Site "Hanoi"]
[Date "2022.06.12"]
[Round "2"]
[White "Hoang, Le Minh Bao"]
[Black "Do, Quang Minh"]
[Result "0-1"]
[WhiteElo "2375"]
[BlackElo "2344"]
[PlyCount "55"]
[EventDate "2022.06.11"]
[EventType "swiss"]
[EventRounds "9"]
[EventCountry "VIE"]
[SourceTitle "EXT 2023"]
[Source "ChessBase"]
[SourceDate "2022.10.05"]
[SourceVersion "1"]
[SourceVersionDate "2022.10.05"]
[SourceQuality "1"]

1. e4 e5 2. Nf3 Nc6 3. d4 exd4 4. Nxd4 Bc5 5. Nb3 Bb6 6. Qe2 d6 7. Nc3 Be6 8. Be3 Bxe3 9. Qxe3 Nge7 10. 0-0-0 0-0 11. g3 Re8 12. f4 Bxb3 13. cxb3 Nc8 14. Bg2 Nb6 15. Rhe1 Qf6 16. Qd2 Rad8 17. Nb5 Rd7 18. Qc3 Qh6 19. h4 Re5 20. Rd5 Nxd5 21. exd5 Rxe1+ 22. Qxe1 Re7 23. Qd2 Nb8 24. Qc3 Na6 25. Nxa7 Qg6 26. b4 Re2 27. Bf1 Nxb4 28. Qb3 0-1

[Event "Eastern Asia-ch U12"]
[Site "Tornelo INT"]
[Date "2021.10.30"]
[Round "4"]
[White "Hoang, Le Minh Bao"]
[Black "Sanjay, Vasu"]
[Result "1-0"]
[WhiteElo "1354"]
[BlackElo "1052"]
[PlyCount "105"]
[EventDate "2021.10.29"]
[EventType "swiss"]
[EventRounds "9"]
[EventCountry "NET"]
[SourceTitle "EXT 2023"]
[Source "ChessBase"]
[SourceDate "2022.10.05"]
[SourceVersion "1"]
[SourceVersionDate "2022.10.05"]
[SourceQuality "1"]

1. e4 e5 2. Nf3 Nf6 3. Nc3 Bb4 4. Bc4 Bxc3 5. dxc3 Nxe4 6. Qe2 d5 7. Bd3 Bf5 8. Nxe5 0-0 9. Nf3 Re8 10. Be3 c5 11. 0-0-0 Nc6 12. Bxe4 Rxe4 13. Qb5 Qc7 14. Qxc5 Be6 15. Nd4 Qd7 16. Rhe1 Ne5 17. f3 b6 18. Qb4 a5 19. Qb5 Rxd4 20. Qxd7 Rxd1+ 21. Rxd1 Nxd7 22. f4 Re8 23. Bf2 Ra8 24. h3 h5 25. f5 Bxf5 26. Rxd5 g6 27. Rd6 Re8 28. Kd2 Re6 29. Rxd7 Re2+ 30. Kxe2 Bxd7 31. Bxb6 a4 32. b3 axb3 33. cxb3 Be6 34. c4 Bf5 35. a3 Be4 36. g3 Bf5 37. h4 Bc2 38. b4 Bb3 39. c5 Ba4 40. Ke3 Kf8 41. Kd4 Ke7 42. Kc4 Kd7 43. b5 Bd1 44. Kb4 Kc8 45. a4 f6 46. a5 Bf3 47. c6 g5 48. Bf2 g4 49. Kc5 f5 50. Be3 Be4 51. b6 Bd3 52. b7+ Kd8 53. b8Q+ 1-0

[Event "VIE-ch U09"]
[Site "Hai Phong"]
[Date "2018.07.12"]
[Round "8"]
[White "Hoang, Le Minh Bao"]
[Black "Pham, Dac Quang Anh"]
[Result "1-0"]
[WhiteElo "1944"]
[BlackElo "1929"]
[PlyCount "67"]
[EventDate "2018.07.07"]
[EventType "swiss"]
[EventRounds "9"]
[EventCountry "VIE"]
[SourceTitle "EXT 2019"]
[Source "ChessBase"]
[SourceDate "2018.10.10"]
[SourceVersion "1"]
[SourceVersionDate "2018.10.10"]
[SourceQuality "1"]

1. e4 e5 2. Nf3 d6 3. d4 Nd7 4. Nc3 c6 5. a4 Be7 6. Bc4 Ngf6 7. 0-0 0-0 8. h3 Qc7 9. Re1 h6 10. Be3 Rd8 11. Nd2 exd4 12. Bxd4 c5 13. Be3 Ne5 14. Ba2 b6 15. f4 Ng6 16. Nd5 Qd7 17. Qf3 Bb7 18. c4 Nxd5 19. exd5 Bf6 20. Ne4 Bxb2 21. Rab1 Ba3 22. Bd2 Qxa4 23. f5 Ne5 24. Qg3 Kf8 25. Nxd6 Rxd6 26. Qxe5 Qd7 27. Rb3 Bb4 28. Bxb4 cxb4 29. Rxb4 Rc8 30. Bb3 Qc7 31. Kh1 a5 32. c5 Rdd8 33. d6 Qc6 34. Rg4 1-0

[Event "VIE-ch U09"]
[Site "Hai Phong"]
[Date "2018.07.07"]
[Round "1"]
[White "Nguyen, Minh Hieu"]
[Black "Hoang, Le Minh Bao"]
[Result "0-1"]
[WhiteElo "1918"]
[BlackElo "1944"]
[PlyCount "36"]
[EventDate "2018.07.07"]
[EventType "swiss"]
[EventRounds "9"]
[EventCountry "VIE"]
[SourceTitle "EXT 2019"]
[Source "ChessBase"]
[SourceDate "2018.10.10"]
[SourceVersion "1"]
[SourceVersionDate "2018.10.10"]
[SourceQuality "1"]

1. e4 e5 2. Nf3 Nf6 3. Nxe5 d6 4. Nf3 Nxe4 5. Bc4 d5 6. Be2 Bc5 7. 0-0 0-0 8. d4 Bd6 9. c4 c6 10. c5 Bc7 11. Nc3 f5 12. Qb3 Kh8 13. Be3 h6 14. Nd2 f4 15. Ndxe4 dxe4 16. Bd2 f3 17. gxf3 exf3 18. Bd3 Qh4 0-1